000 00385nam a22001697a 4500
003 MPLRDC
005 20220104123258.0
008 210129b ||||| |||| 00| 0 eng d
082 _a192.15 XLY c.2
100 _a谢理德著
245 _a写给少女
_c
250 _a四版
260 _a
_b南洋时兆报馆
_c1981
300 _b
650 _a
942 _cBK
_o192.15 XLY c.2
999 _c10023
_d10013